Finančná analýza vybraného podniku
Finančná analýza je neodmysliteľnou súčasťou finančného riadenia podniku. Diagnostický prostriedok zhodnotenia finančnej situácie podniku. Ciele finančnej analýzy a aktuálna situácia v oblastí financií ako aj predikovanie finančného vývoja spoločnosti v budúcnosti.
Salvato in:
| Autore principale: | |
|---|---|
| Natura: | Capitolo di libro |
| Lingua: | slovacco |
| Soggetti: | |
| Tags: |
Nessun Tag, puoi essere il primo ad aggiungerne!!
|
MARC
| LEADER | 00000nla a2200000 4500 | ||
|---|---|---|---|
| 001 | 0226646 | ||
| 005 | 20240502073731.1 | ||
| 041 | 0 | |a slo | |
| 044 | |a SK | ||
| 245 | 1 | 0 | |a Finančná analýza vybraného podniku |c Martina Sabolová |
| 520 | |a Finančná analýza je neodmysliteľnou súčasťou finančného riadenia podniku. Diagnostický prostriedok zhodnotenia finančnej situácie podniku. Ciele finančnej analýzy a aktuálna situácia v oblastí financií ako aj predikovanie finančného vývoja spoločnosti v budúcnosti. | ||
| 610 | 2 | 0 | |a analýza finančná |
| 610 | 2 | 0 | |a ukazovatele finančné |
| 610 | 2 | 0 | |a riadenie finančné |
| 610 | 2 | 0 | |a diagnostika podniková |
| 610 | 2 | 0 | |a situácia finančná podniku |
| 610 | 2 | 0 | |a ciele finančné |
| 100 | 1 | |a Sabolová, Martina | |